[Event "Abu Dhabi op 25th"]
[Site "Abu Dhabi"]
[Date "2018.08.08"]
[Round "2"]
[White "Alinasab, Mobina"]
[Black "Mayank, Pal"]
[Result "1-0"]
[WhiteElo "2259"]
[BlackElo "2100"]
[PlyCount "117"]
[EventDate "2018.08.07"]
[EventType "swiss"]
[EventRounds "9"]
[EventCountry "UAE"]
[SourceTitle "CBM 185 Extra"]
[Source "ChessBase"]
[SourceDate "2018.07.29"]
[SourceVersion "1"]
[SourceVersionDate "2018.07.29"]
[SourceQuality "1"]

1. e4 e5 2. Nf3 Nf6 3. Nxe5 d6 4. Nf3 Nxe4 5. d3 Nf6 6. d4 d5 7. Bd3 Bd6 8. 0-0 0-0 9. Re1 Bg4 10. Bg5 Nc6 11. c3 h6 12. Bh4 Bf4 13. h3 Bxf3 14. Qxf3 Qd6 15. Bxf6 Qxf6 16. Qxd5 Rfe8 17. Na3 g6 18. Qf3 Kg7 19. g3 Bd6 20. Qxf6+ Kxf6 21. Nb5 a6 22. Nxd6 cxd6 23. Be4 Rec8 24. Bd5 Rc7 25. Re3 Rf8 26. Rae1 Ne7 27. Bb3 h5 28. Kg2 b5 29. g4 hxg4 30. hxg4 Nc6 31. Bd5 Na5 32. Re8 Rxe8 33. Rxe8 Nc4 34. Bxc4 bxc4 35. Rb8 Ke6 36. Rb6 Ra7 37. Kf3 Kd5 38. Ke3 Re7+ 39. Kd2 Ra7 40. b3 cxb3 41. axb3 Ke6 42. c4 Kd7 43. Kc3 a5 44. Kb2 f5 45. gxf5 gxf5 46. Ka3 Ra8 47. Ka4 Rh8 48. c5 dxc5 49. dxc5 Rh2 50. Rd6+ Kc7 51. Kxa5 Rxf2 52. b4 f4 53. Kb5 f3 54. Rf6 Rf1 55. Rf7+ Kd8 56. c6 f2 57. c7+ Ke8 58. c8Q+ Kxf7 59. Qc4+ 1-0

[Event "Gibraltar Challengers-B"]
[Site "Caleta"]
[Date "2018.01.29"]
[Round "3"]
[White "Sanchez Carrasco, Francesco Javier"]
[Black "Mayank, Pal"]
[Result "1/2-1/2"]
[WhiteElo "2068"]
[BlackElo "1834"]
[PlyCount "70"]
[EventDate "2018.01.27"]
[EventType "swiss"]
[EventRounds "5"]
[EventCountry "GGB"]
[SourceTitle "EXT 2019"]
[Source "ChessBase"]
[SourceDate "2018.10.10"]
[SourceVersion "1"]
[SourceVersionDate "2018.10.10"]
[SourceQuality "1"]

1. c4 e5 2. Nc3 Bb4 3. Nd5 Bc5 4. e3 c6 5. Nc3 Nf6 6. d4 exd4 7. exd4 Bb4 8. Bd3 d5 9. Nge2 0-0 10. 0-0 Bg4 11. f3 Bh5 12. Bg5 dxc4 13. Bxc4 b5 14. Bb3 h6 15. Bh4 Bg6 16. Kh1 Be7 17. Bf2 b4 18. Na4 Nbd7 19. Rc1 Rc8 20. Nf4 Bh7 21. Re1 Kh8 22. Nd3 Bxd3 23. Qxd3 Bd6 24. Qf5 g6 25. Qh3 Kg7 26. Nc5 Re8 27. Be3 Rxe3 28. Rxe3 Bf4 29. Ree1 Bxc1 30. Rxc1 Nxc5 31. dxc5 Rc7 32. Qg3 Rd7 33. Re1 Re7 34. Rd1 Rd7 35. Re1 Re7 1/2-1/2

[Event "Gibraltar Challengers-B"]
[Site "Caleta"]
[Date "2018.01.28"]
[Round "2"]
[White "Mayank, Pal"]
[Black "Hendrix, Joachim"]
[Result "1-0"]
[WhiteElo "1834"]
[BlackElo "1960"]
[PlyCount "71"]
[EventDate "2018.01.27"]
[EventType "swiss"]
[EventRounds "5"]
[EventCountry "GGB"]
[SourceTitle "EXT 2019"]
[Source "ChessBase"]
[SourceDate "2018.10.10"]
[SourceVersion "1"]
[SourceVersionDate "2018.10.10"]
[SourceQuality "1"]

1. Nf3 g6 2. g3 Bg7 3. Bg2 e5 4. d3 d6 5. c4 c6 6. Nc3 f5 7. Qc2 a5 8. h4 Nf6 9. a3 Qe7 10. Bd2 Na6 11. 0-0-0 Bd7 12. Kb1 Rb8 13. e4 b5 14. cxb5 cxb5 15. Bg5 Rc8 16. Qd2 Qf7 17. Bxf6 Qxf6 18. Nd5 Qd8 19. h5 b4 20. hxg6 h6 21. exf5 Bxf5 22. Nd4 exd4 23. Rhe1+ Kd7 24. Re7+ Qxe7 25. Nxe7 Kxe7 26. Bb7 Nc5 27. Qe2+ Kd7 28. Qf3 Rhf8 29. Bxc8+ Kxc8 30. Qa8+ Kd7 31. Qa7+ Kc6 32. Qxg7 Re8 33. Qf7 Re5 34. f4 Be6 35. Qe8+ Bd7 36. Qa8+ 1-0

[Event "Gibraltar Challengers-A"]
[Site "Caleta"]
[Date "2018.01.23"]
[Round "2"]
[White "Mayank, Pal"]
[Black "Elomari, Anas"]
[Result "0-1"]
[WhiteElo "1834"]
[BlackElo "2100"]
[PlyCount "178"]
[EventDate "2018.01.22"]
[EventType "swiss"]
[EventRounds "5"]
[EventCountry "GGB"]
[SourceTitle "EXT 2019"]
[Source "ChessBase"]
[SourceDate "2018.10.10"]
[SourceVersion "1"]
[SourceVersionDate "2018.10.10"]
[SourceQuality "1"]

1. Nf3 c5 2. c4 Nf6 3. Nc3 g6 4. e3 Bg7 5. d4 0-0 6. Be2 b6 7. d5 d6 8. e4 e6 9. dxe6 fxe6 10. 0-0 Nc6 11. Bg5 h6 12. Bh4 g5 13. Bg3 e5 14. Nb5 Nd4 15. Nfxd4 cxd4 16. Bf3 Be6 17. b3 Qd7 18. Nxd4 exd4 19. e5 dxe5 20. Bxa8 Rxa8 21. Bxe5 Rd8 22. Qf3 Bg4 23. Qd3 Qf5 24. Qxf5 Bxf5 25. Rad1 Ne4 26. Bxg7 Kxg7 27. Rfe1 Kf6 28. f3 Nc5 29. Rd2 a5 30. Red1 d3 31. Re1 h5 32. Re3 h4 33. h3 Bg6 34. Kf2 Rd4 35. Re1 Rf4 36. Ke3 Ne6 37. Kf2 Rd4 38. Re3 a4 39. Re1 axb3 40. axb3 b5 41. cxb5 Rb4 42. Rb1 Ke5 43. Re1+ Kd5 44. Ke3 Rxb5 45. Rc1 Rxb3 46. Ra1 Rb6 47. Ra8 Nc5 48. Rg8 Re6+ 49. Kf2 Kd4 50. Rc8 Nb3 51. Rd1 d2 52. Rb8 Kc3 53. Rxb3+ Kxb3 54. Rxd2 Kc4 55. Rd8 Rf6 56. Rd7 Kc5 57. Rd8 Kc6 58. Rd4 Rf4 59. Rd8 Bf7 60. Rd3 Bd5 61. Re3 Kd6 62. Re8 Be6 63. Ra8 Ke5 64. Ra5+ Bd5 65. Ra3 Rb4 66. Re3+ Kf5 67. Rd3 Rb2+ 68. Kg1 Ke5 69. Re3+ Kf4 70. Rd3 Be6 71. Kh2 Bf5 72. Rd4+ Ke5 73. Rc4 Bd3 74. Rc5+ Kf4 75. Kg1 Rb5 76. Rc3 Kg3 77. Rc1 Rb1 78. Rxb1 Bxb1 79. Kh1 Bd3 80. Kg1 Be2 81. f4 gxf4 82. Kh1 Kf2 83. Kh2 Bf1 84. Kh1 Bxg2+ 85. Kh2 Bxh3 86. Kh1 f3 87. Kh2 Ke1 88. Kg1 f2+ 89. Kh2 Bg2 0-1

[Event "Gibraltar Challenger op-B"]
[Site "Caleta"]
[Date "2017.01.29"]
[Round "2"]
[White "Pleasants, Allan J"]
[Black "Mayank, Pal"]
[Result "1/2-1/2"]
[WhiteElo "2018"]
[BlackElo "1919"]
[PlyCount "74"]
[EventDate "2017.01.28"]
[EventType "swiss"]
[EventRounds "5"]
[EventCountry "GGB"]
[SourceTitle "EXT 2018"]
[Source "ChessBase"]
[SourceDate "2017.10.13"]
[SourceVersion "1"]
[SourceVersionDate "2017.10.13"]
[SourceQuality "1"]

1. d4 d5 2. Nf3 Nf6 3. e3 g6 4. Nbd2 Bg7 5. Be2 0-0 6. 0-0 b6 7. c4 Bb7 8. b3 c5 9. Bb2 Nbd7 10. Rc1 e6 11. Rc2 Rc8 12. Qa1 cxd4 13. Bxd4 Ne8 14. Rfc1 Bxd4 15. Qxd4 Qe7 16. cxd5 Rxc2 17. Rxc2 exd5 18. Qf4 Nd6 19. Nd4 Nc5 20. N2f3 Nce4 21. h4 Re8 22. Nb5 Rc8 23. Rxc8+ Bxc8 24. Nxd6 Nxd6 25. Nd4 Bd7 26. Bf3 Be6 27. h5 Qc7 28. h6 Ne8 29. Qh4 Qc1+ 30. Kh2 Qc7+ 31. g3 Qd6 32. Be2 Bd7 33. Kg2 Kf8 34. Bf3 Nf6 35. b4 Qe5 36. Ne2 g5 37. Qd4 Qxd4 1/2-1/2

[Event "Gibraltar Challenger op-A"]
[Site "Caleta"]
[Date "2017.01.24"]
[Round "2"]
[White "Paronen, Petteri"]
[Black "Mayank, Pal"]
[Result "1-0"]
[WhiteElo "2164"]
[BlackElo "1919"]
[PlyCount "65"]
[EventDate "2017.01.23"]
[EventType "swiss"]
[EventRounds "5"]
[EventCountry "GGB"]
[SourceTitle "CBM 176 Extra"]
[Source "ChessBase"]
[SourceDate "2017.03.02"]
[SourceVersion "1"]
[SourceVersionDate "2017.03.02"]
[SourceQuality "1"]

1. e4 c5 2. Nf3 d6 3. c3 Nf6 4. Bd3 g6 5. Bc2 Bg7 6. d4 cxd4 7. cxd4 0-0 8. Nc3 Nc6 9. h3 b6 10. 0-0 Bb7 11. Bg5 Nb4 12. Bb1 d5 13. e5 Ne4 14. Bf4 Rc8 15. Qb3 Na6 16. Nb5 Qd7 17. Nxa7 Rc4 18. a3 Qe6 19. Bd3 Rc7 20. Rac1 Ra8 21. Nb5 Rxc1 22. Rxc1 Qf5 23. Be3 Rc8 24. Rxc8+ Qxc8 25. Bxe4 dxe4 26. Ng5 Qe8 27. Nc3 e6 28. Qxb6 Qa8 29. Nb5 Bc8 30. Qd8+ Bf8 31. Qe8 Qb7 32. Nd6 Qd7 33. Qxc8 1-0

[Event "Gibraltar Challenger op-A"]
[Site "Caleta"]
[Date "2017.01.23"]
[Round "1"]
[White "Mayank, Pal"]
[Black "Seraoui, Mohcen"]
[Result "1-0"]
[WhiteElo "1919"]
[BlackElo "2100"]
[PlyCount "111"]
[EventDate "2017.01.23"]
[EventType "swiss"]
[EventRounds "5"]
[EventCountry "GGB"]
[SourceTitle "CBM 176 Extra"]
[Source "ChessBase"]
[SourceDate "2017.03.02"]
[SourceVersion "1"]
[SourceVersionDate "2017.03.02"]
[SourceQuality "1"]

1. e4 e5 2. Nf3 Nf6 3. Nxe5 d6 4. Nf3 Nxe4 5. d4 d5 6. Bd3 Be7 7. 0-0 Nc6 8. Re1 Bg4 9. c3 Nf6 10. h3 Bh5 11. Bg5 Qd6 12. Nbd2 Bg6 13. Ne5 0-0 14. Qf3 Rae8 15. Rac1 Nh5 16. Bxe7 Rxe7 17. Nxc6 bxc6 18. Nb3 Rfe8 19. Rxe7 Rxe7 20. g3 Bxd3 21. Qxd3 g6 22. Nc5 Nf6 23. Kg2 Ne4 24. b4 Qf6 25. Qf3 Qxf3+ 26. Kxf3 Nd2+ 27. Kg2 Nc4 28. Kf3 Kg7 29. a4 f5 30. b5 g5 31. bxc6 Na5 32. Rb1 h5 33. Rb7 g4+ 34. hxg4 fxg4+ 35. Kg2 Nxc6 36. Rxc7 Rxc7 37. Ne6+ Kf6 38. Nxc7 Ne7 39. f3 Kf5 40. a5 Nc6 41. a6 Nb8 42. Nxd5 Nxa6 43. Ne7+ Ke6 44. Nc6 Kd5 45. Nxa7 Kc4 46. Nc6 Kxc3 47. d5 Kc4 48. d6 Nc5 49. Ne5+ Kd5 50. d7 gxf3+ 51. Kxf3 Ne6 52. Nf7 Nd4+ 53. Ke3 Ne6 54. Kf3 Nd4+ 55. Kf4 Ne6+ 56. Kf5 1-0

[Event "Prague Summer op-B 3rd"]
[Site "Prague"]
[Date "2016.08.08"]
[Round "5"]
[White "Bryant, Jonathan"]
[Black "Mayank, Pal"]
[Result "1/2-1/2"]
[WhiteElo "1842"]
[BlackElo "1727"]
[PlyCount "101"]
[EventDate "2016.08.05"]
[EventType "swiss"]
[EventRounds "9"]
[EventCountry "CZE"]
[SourceTitle "CBM 173 Extra"]
[Source "ChessBase"]
[SourceDate "2016.08.29"]
[SourceVersion "1"]
[SourceVersionDate "2016.08.29"]
[SourceQuality "1"]

1. Nf3 Nf6 2. c4 g6 3. g3 Bg7 4. Bg2 d6 5. d4 0-0 6. Nc3 c5 7. 0-0 Nbd7 8. d5 Nb6 9. Nd2 e6 10. e4 exd5 11. cxd5 Ng4 12. Qc2 f5 13. h3 Ne5 14. f4 Nec4 15. Nxc4 Nxc4 16. Qd3 Nb6 17. Kh2 Re8 18. Bd2 fxe4 19. Bxe4 c4 20. Qc2 Rf8 21. Rae1 Qf6 22. Nd1 Bf5 23. Bc3 Qf7 24. Bxg7 Kxg7 25. Qc3+ Qf6 26. Bxf5 Qxc3 27. Re7+ Kh8 28. Nxc3 Rxf5 29. Rxb7 g5 30. Re1 gxf4 31. gxf4 Rxf4 32. Ree7 Rf2+ 33. Kg3 Rxb2 34. Rxh7+ Kg8 35. Rbg7+ Kf8 36. Rxa7 Rxa7 37. Rxa7 Rc2 38. Ne4 Nxd5 39. Nxd6 c3 40. Ne4 Re2 41. Nxc3 Nxc3 42. a4 Ra2 43. a5 Ne2+ 44. Kg4 Nd4 45. h4 Nc6 46. Rc7 Nxa5 47. Ra7 Ra1 48. h5 Nb3 49. Rxa1 Nxa1 50. Kg5 Kg8 51. h6 1/2-1/2